000 00583nam a2200193Ia 4500
003 LDD
008 190117s9999 xx 000 0 und d
020 _a9788180314995
_c₹195
040 _cLDD
041 _ahi
082 _a8H3.7 य69252अ
100 _aयशपाल
245 0 _aअमिता
_cयशपाल
260 _aइलाहबाद
_bलोकभारती प्रकाशन
_c2010
300 _a134p.
901 _aKGP
904 _aReqst by : jitandra kumar srivasta
942 _2ddc
_cH
999 _c167642
_d167642